000 00216nam a22000977a 4500
999 _c262786
_d262785
020 _a059040989
100 _aAlvin Tresselt
245 _aWhite snow bright snow
260 _aNew York
_b Scholastic
_c1947
942 _cBK